MARC details
| 000 -LEADER |
| fixed length control field |
04321cam a22005777i 4500 |
| 001 - CONTROL NUMBER |
| control field |
22304801 |
| 003 - CONTROL NUMBER IDENTIFIER |
| control field |
GZU |
| 005 - DATE AND TIME OF LATEST TRANSACTION |
| control field |
20240520102122.0 |
| 008 - FIXED-LENGTH DATA ELEMENTS--GENERAL INFORMATION |
| fixed length control field |
211109t20202020moua b 001 0 eng d |
| 010 ## - LIBRARY OF CONGRESS CONTROL NUMBER |
| LC control number |
2018963457 |
| 015 ## - NATIONAL BIBLIOGRAPHY NUMBER |
| National bibliography number |
GBB932439 |
| Source |
bnb |
| 016 7# - NATIONAL BIBLIOGRAPHIC AGENCY CONTROL NUMBER |
| Record control number |
019258851 |
| Source |
Uk |
| 020 ## - INTERNATIONAL STANDARD BOOK NUMBER |
| International Standard Book Number |
9780323544801 |
| Qualifying information |
(paperback) |
| 020 ## - INTERNATIONAL STANDARD BOOK NUMBER |
| International Standard Book Number |
0323544800 |
| Qualifying information |
(paperback) |
| 020 ## - INTERNATIONAL STANDARD BOOK NUMBER |
| Canceled/invalid ISBN |
9780323635875 |
| Qualifying information |
(Mobipocket electronic book) |
| 022 ## - INTERNATIONAL STANDARD SERIAL NUMBER |
| International Standard Serial Number |
. |
| 035 ## - SYSTEM CONTROL NUMBER |
| System control number |
(OCoLC)on1088907465 |
| 040 ## - CATALOGING SOURCE |
| Original cataloging agency |
UKMGB |
| Language of cataloging |
eng |
| Transcribing agency |
UKMGB |
| Description conventions |
rda |
| Modifying agency |
OCLCO |
| -- |
EEM |
| -- |
VET |
| -- |
OCLCO |
| -- |
IBI |
| -- |
OCLCF |
| -- |
YDX |
| -- |
UKOBU |
| -- |
QX7 |
| -- |
OCLCQ |
| -- |
OCLCA |
| -- |
JYJ |
| -- |
OCLCA |
| -- |
EZ9 |
| -- |
GPRCL |
| -- |
IL4J6 |
| -- |
EQF |
| -- |
BDX |
| -- |
OCLCO |
| -- |
UKEHC |
| -- |
DLC |
| 042 ## - AUTHENTICATION CODE |
| Authentication code |
lccopycat |
| 050 00 - LIBRARY OF CONGRESS CALL NUMBER |
| Classification number |
RT86.3 |
| Item number |
.ARN 2020 |
| 100 1# - MAIN ENTRY--PERSONAL NAME |
| Personal name |
Arnold, Elizabeth, |
| Relator term |
author. |
| 245 10 - TITLE STATEMENT |
| Title |
Interpersonal relationships : |
| Remainder of title |
professional communication skills for nurses / |
| Statement of responsibility, etc. |
Elizabeth C. Arnold, Kathleen Underman Boggs |
| 250 ## - EDITION STATEMENT |
| Edition statement |
Eighth edition. |
| 264 #1 - PRODUCTION, PUBLICATION, DISTRIBUTION, MANUFACTURE, AND COPYRIGHT NOTICE |
| Place of production, publication, distribution, manufacture |
St. Louis, Missouri : |
| Name of producer, publisher, distributor, manufacturer |
Elsevier, |
| Date of production, publication, distribution, manufacture, or copyright notice |
[2020] |
| 264 #4 - PRODUCTION, PUBLICATION, DISTRIBUTION, MANUFACTURE, AND COPYRIGHT NOTICE |
| Date of production, publication, distribution, manufacture, or copyright notice |
©2020 |
| 300 ## - PHYSICAL DESCRIPTION |
| Extent |
xii, 541 pages : |
| Other physical details |
illustrations ; |
| Dimensions |
24 cm |
| 336 ## - CONTENT TYPE |
| Content type term |
text |
| Content type code |
txt |
| Source |
rdacontent |
| 336 ## - CONTENT TYPE |
| Content type term |
still image |
| Content type code |
sti |
| Source |
rdacontent |
| 337 ## - MEDIA TYPE |
| Media type term |
unmediated |
| Media type code |
n |
| Source |
rdamedia |
| 338 ## - CARRIER TYPE |
| Carrier type term |
volume |
| Carrier type code |
nc |
| Source |
rdacarrier |
| 500 ## - GENERAL NOTE |
| General note |
Previous edition: St. Louis: Elsevier, 2016. |
| 504 ## - BIBLIOGRAPHY, ETC. NOTE |
| Bibliography, etc. note |
Includes bibliographical references and index. |
| 505 0# - FORMATTED CONTENTS NOTE |
| Formatted contents note |
Historical perspectives and contemporary dynamics -- Clarity and safety in communication -- Professional guides for nursing communication -- Clinical judgment: critical thinking and ethical decision making -- Developing patient-centered communication skills -- Variation in communication styles -- Intercultural communication -- Communicating in groups -- Self-concept in professional interpersonal relationships -- Developing patient-centered therapeutic relationships -- Bridges and barriers in therapeutic relationships -- Communicating with families -- Resolving conflicts between nurse and patient -- Communication strategies for health promotion and disease prevention -- Communication in health teaching and coaching -- Communication in stressful situations -- Communicating with patients experiencing communication deficits -- Communicating with children -- Communicating with older adults -- Communicating with patients in crisis -- Communication approaches in palliative care -- Role relationship communication within nursing -- Interprofessional communication -- Communicating for continuity of care -- e-Documentation in health information technology systems -- m-Health and communication technology. |
| 520 ## - SUMMARY, ETC. |
| Summary, etc. |
Now more than ever, effective communication skills are key for successful patient care and positive outcomes. "Interpersonal Relationships: Professional Communication Skills for Nurses, 8th Edition" helps you to develop skills in communicating effectively with clients, families, and colleagues in order to achieve treatment goals in health care. Using clear, practical guidelines, it shows how to enhance the nurse-client relationship through proven communication strategies as well as principles drawn from nursing, psychology, and related theoretical frameworks. The 8th edition includes engaging new content relating to current issues, while also emphasizing interdisciplinary communication and QSEN competencies. You will learn how to apply theory to real-life practice through case studies, interactive exercises, and evidence-based practice studies. -- From product description. |
| 650 #0 - SUBJECT ADDED ENTRY--TOPICAL TERM |
| Topical term or geographic name entry element |
Nurse and patient. |
| 650 #0 - SUBJECT ADDED ENTRY--TOPICAL TERM |
| Topical term or geographic name entry element |
Interpersonal communication. |
| 650 #0 - SUBJECT ADDED ENTRY--TOPICAL TERM |
| Topical term or geographic name entry element |
Interprofessional relations. |
| 650 #2 - SUBJECT ADDED ENTRY--TOPICAL TERM |
| Topical term or geographic name entry element |
Interpersonal Relations. |
| 650 #2 - SUBJECT ADDED ENTRY--TOPICAL TERM |
| Topical term or geographic name entry element |
Nurses. |
| 650 #7 - SUBJECT ADDED ENTRY--TOPICAL TERM |
| Topical term or geographic name entry element |
Health and Fitness. |
| Source of heading or term |
eflch |
| 650 #7 - SUBJECT ADDED ENTRY--TOPICAL TERM |
| Topical term or geographic name entry element |
Interpersonal communication. |
| Source of heading or term |
fast |
| Authority record control number or standard number |
(OCoLC)fst00977344 |
| 650 #7 - SUBJECT ADDED ENTRY--TOPICAL TERM |
| Topical term or geographic name entry element |
Interprofessional relations. |
| Source of heading or term |
fast |
| Authority record control number or standard number |
(OCoLC)fst00977474 |
| 650 #7 - SUBJECT ADDED ENTRY--TOPICAL TERM |
| Topical term or geographic name entry element |
Nurse and patient. |
| Source of heading or term |
fast |
| Authority record control number or standard number |
(OCoLC)fst01041457 |
| 650 #7 - SUBJECT ADDED ENTRY--TOPICAL TERM |
| Topical term or geographic name entry element |
Nurse and patient. |
| Source of heading or term |
nli |
| 650 #7 - SUBJECT ADDED ENTRY--TOPICAL TERM |
| Topical term or geographic name entry element |
Interpersonal communication. |
| Source of heading or term |
nli |
| 650 #7 - SUBJECT ADDED ENTRY--TOPICAL TERM |
| Topical term or geographic name entry element |
Health and Wellbeing. |
| Source of heading or term |
ukslc |
| 700 1# - ADDED ENTRY--PERSONAL NAME |
| Personal name |
Boggs, Kathleen Underman, |
| Relator term |
author. |
| 776 08 - ADDITIONAL PHYSICAL FORM ENTRY |
| Relationship information |
Ebook version : |
| International Standard Book Number |
9780323635875 |
| 942 ## - ADDED ENTRY ELEMENTS (KOHA) |
| Source of classification or shelving scheme |
Library of Congress Classification |
| Koha item type |
Books |
| Edition |
Eighth edition |
| Classification part |
86.3 |
| Item part |
ARN |
| Call number prefix |
RT |